<?xml version="1.0" encoding="UTF-8"?>
<record
    xmlns:xsi="http://www.w3.org/2001/XMLSchema-instance"
    xsi:schemaLocation="http://www.loc.gov/MARC21/slim http://www.loc.gov/standards/marcxml/schema/MARC21slim.xsd"
    xmlns="http://www.loc.gov/MARC21/slim">

  <leader>01130nam a22002657a 4500</leader>
  <controlfield tag="005">20150130104542.0</controlfield>
  <controlfield tag="008">140714b        xxu||||| |||| 00| 0 Urdu d</controlfield>
  <datafield tag="010" ind1=" " ind2=" ">
    <subfield code="a">UR-8544      B-548231</subfield>
  </datafield>
  <datafield tag="020" ind1=" " ind2=" ">
    <subfield code="c">148.00   </subfield>
    <subfield code="a">9788192190884</subfield>
  </datafield>
  <datafield tag="035" ind1=" " ind2=" ">
    <subfield code="a">U-7099       B-548231</subfield>
  </datafield>
  <datafield tag="037" ind1=" " ind2=" ">
    <subfield code="b">BPPD/Publishers/Venders</subfield>
  </datafield>
  <datafield tag="037" ind1=" " ind2=" ">
    <subfield code="b">DBAD/Pub.</subfield>
  </datafield>
  <datafield tag="037" ind1=" " ind2=" ">
    <subfield code="b">Star Publications(Vend.)/Adabistan Publications(Pub.)</subfield>
  </datafield>
  <datafield tag="040" ind1=" " ind2=" ">
    <subfield code="a">DPL</subfield>
    <subfield code="b">Urdu</subfield>
  </datafield>
  <datafield tag="082" ind1=" " ind2=" ">
    <subfield code="a">440</subfield>
  </datafield>
  <datafield tag="100" ind1=" " ind2=" ">
    <subfield code="a">&#x627; &#x642;&#x644;&#x64A;&#x645;&#x6C1;             </subfield>
  </datafield>
  <datafield tag="245" ind1=" " ind2=" ">
    <subfield code="a">&#x62C;&#x62F; &#x64A;&#x62F; &#x64A;&#x62A;  &#x627;&#x648;&#x631;  &#x627; &#x631; &#x62F; &#x648; &#x627; &#x641;&#x633;&#x627; &#x646;&#x6C1;</subfield>
    <subfield code="c">&#x627; &#x642;&#x644;&#x64A;&#x645;&#x6C1;</subfield>
  </datafield>
  <datafield tag="246" ind1=" " ind2=" ">
    <subfield code="a"> Jadidiyat Aur Urdu Afsana</subfield>
    <subfield code="b">by Aqlima</subfield>
  </datafield>
  <datafield tag="260" ind1=" " ind2=" ">
    <subfield code="b">Adabistan Publications</subfield>
    <subfield code="b">Star Publications.( Vender)</subfield>
    <subfield code="c">2013</subfield>
  </datafield>
  <datafield tag="260" ind1=" " ind2=" ">
    <subfield code="a">4/5Asaf Ali Road,New Delhi-110002</subfield>
  </datafield>
  <datafield tag="270" ind1=" " ind2=" ">
    <subfield code="a">A-170,&#x6AF;&#x631; &#x627; &#x624; &#x646;&#x688;  &#x641;&#x644;&#x648;  &#x631; &#x633;&#x648; &#x631; &#x64A;&#x6C1; &#x627; &#x67E;&#x627; &#x631; &#x679;&#x645;&#x64A;&#x646;&#x679;&#x60C;&#x62F; &#x644;&#x634;&#x627; &#x62F; &#x6A9;&#x627; &#x644;&#x648; &#x646;&#x6CC; </subfield>
    <subfield code="b">&#x62F;&#x6BE;&#x644;&#x6CC;</subfield>
    <subfield code="e">110095</subfield>
    <subfield code="k">9899706640</subfield>
  </datafield>
  <datafield tag="300" ind1=" " ind2=" ">
    <subfield code="a">316&#x635;</subfield>
    <subfield code="c">22Cm(Pb)</subfield>
  </datafield>
  <datafield tag="942" ind1=" " ind2=" ">
    <subfield code="2">ddc</subfield>
    <subfield code="c">UR</subfield>
    <subfield code="m">&#x627; &#x642; &#x644;</subfield>
    <subfield code="h">440</subfield>
  </datafield>
  <datafield tag="999" ind1=" " ind2=" ">
    <subfield code="c">87683</subfield>
    <subfield code="d">87683</subfield>
  </datafield>
  <datafield tag="952" ind1=" " ind2=" ">
    <subfield code="0">0</subfield>
    <subfield code="1">0</subfield>
    <subfield code="2">ddc</subfield>
    <subfield code="4">0</subfield>
    <subfield code="7">0</subfield>
    <subfield code="8">NFIC</subfield>
    <subfield code="a">L</subfield>
    <subfield code="b">L</subfield>
    <subfield code="d">2014-12-16</subfield>
    <subfield code="e">BPPD/UR/2014-15/127/1.8.14/SP/3597/6.8.14/2.9.14</subfield>
    <subfield code="g">148.00</subfield>
    <subfield code="l">0</subfield>
    <subfield code="o">440 &#x627; &#x642; &#x644;</subfield>
    <subfield code="p">B-548231</subfield>
    <subfield code="r">2014-12-16 00:00:00</subfield>
    <subfield code="t">1</subfield>
    <subfield code="v">148.00</subfield>
    <subfield code="y">UR</subfield>
    <subfield code="z">Legal Case (Register 2018)</subfield>
  </datafield>
  <datafield tag="952" ind1=" " ind2=" ">
    <subfield code="0">0</subfield>
    <subfield code="1">0</subfield>
    <subfield code="2">ddc</subfield>
    <subfield code="4">0</subfield>
    <subfield code="7">1</subfield>
    <subfield code="8">FIC</subfield>
    <subfield code="a">DBAD</subfield>
    <subfield code="b">DBAD</subfield>
    <subfield code="d">2015-01-30</subfield>
    <subfield code="e">DBAD/Pub.</subfield>
    <subfield code="g">148.00</subfield>
    <subfield code="l">0</subfield>
    <subfield code="o">440 &#x627; &#x642; &#x644;</subfield>
    <subfield code="p">U-7099</subfield>
    <subfield code="r">2015-01-30 00:00:00</subfield>
    <subfield code="t">1</subfield>
    <subfield code="v">148.00</subfield>
    <subfield code="w">2015-01-30</subfield>
    <subfield code="y">UR</subfield>
  </datafield>
</record>
